000 00287nam a2200109Ia 4500
008 220713s9999 xx 000 0 und d
020 _a978 1 920069 18 6
082 _aJR 305.80968 SOUT
100 _aNo author, editors only
245 4 _aThe South African Cultural Mosaic
942 _cBK
_y561
_zJohn Tresidder
999 _c692876
_d692875